banner koha

Aspectos clínicos e concentração sérica da creatinina-quinase e lacto-desidrogenase em cães submetidos à fisioterapia após atrofia muscular induzida (Registro n. 212356)

MARC details
000 -LÍDER
campo de controle de tamanho fixo 01014nas a2200325 4500
001 - NÚMERO DE CONTROLE
campo de controle BR2011005943
003 - IDENTIFICADOR DO NÚMERO DE CONTROLE
campo de controle BR-BrBNA
005 - DATA E HORÁRIO DA ÚLTIMA TRANSAÇÃO
campo de controle 20231205115145.0
007 - CAMPO FIXO DE DESCRIÇÃO FÍSICA--INFORMAÇÃO GERAL
campo de controle de tamanho fixo ta
008 - CAMPO DE DADOS FIXOS--INFORMAÇÃO GERAL
campo de controle de tamanho fixo 230509b bl.|||p| |||| 00| 00por d
040 ## - FONTE DA CATALOGAÇÃO
Instituição da catalogação original BR-BrBNA
Idioma da catalogação por
Instituição que transcreveu o registro Biblioteca Nacional de Agricultura
041 ## - CÓDIGO DE IDIOMA
Código do idioma do texto/trilha sonora ou título diferente (Pt)
072 ## - CÓDIGO DE CATEGORIA DE ASSUNTO
Código de Categoria de Assunto L70
100 1# - ENTRADA PRINCIPAL--NOME PESSOAL
Nome pessoal Souza, S.F. de
100 1# - ENTRADA PRINCIPAL--NOME PESSOAL
Nome pessoal Padilha Filho, J.G.
100 1# - ENTRADA PRINCIPAL--NOME PESSOAL
Nome pessoal Martins, V.M.V.
100 1# - ENTRADA PRINCIPAL--NOME PESSOAL
Nome pessoal Belmonte, E. de A.
100 1# - ENTRADA PRINCIPAL--NOME PESSOAL
Nome pessoal Zanetti, N.M.
100 1# - ENTRADA PRINCIPAL--NOME PESSOAL
Nome pessoal Dias, L.G.G.G.
100 1# - ENTRADA PRINCIPAL--NOME PESSOAL
Nome pessoal Maria, B.P.
100 1# - ENTRADA PRINCIPAL--NOME PESSOAL
Nome pessoal Anai, L.A.
100 1# - ENTRADA PRINCIPAL--NOME PESSOAL
Nome pessoal Miquelutti, D.J.
245 1# - TÍTULO
Título Aspectos clínicos e concentração sérica da creatinina-quinase e lacto-desidrogenase em cães submetidos à fisioterapia após atrofia muscular induzida
650 ## - ASSUNTO--TERMO TÓPICO
Cabeçalho tópico ou nome geográfico CÃO
650 ## - ASSUNTO--TERMO TÓPICO
Cabeçalho tópico ou nome geográfico FISIOTERAPIA
650 ## - ASSUNTO--TERMO TÓPICO
Cabeçalho tópico ou nome geográfico MUSCULO
773 0# - ENTRADA ANALÍTICA
Título Ciência Rural (Brazil)
ISSN - International Standard Serial Number ISSN 0103-8478
Partes relacionadas (Jul 2011), v. 41(7) p. 1255-1261
Número de controle do registro BR2011005943
909 ## -
-- 202311
-- Lúcia
-- 55
-- Lúcia Elande
942 ## - ELEMENTOS DE ENTRADA ADICIONADOS (KOHA)
Fonte da classificação ou esquema de arquivamento na estante Classificação AGRIS
Ocultar no OPAC Não
Tipo de material Koha Analítica
Exemplares
Situação do descarte Fonte da classificação ou esquema de arquivamento na estante Situação física Não pode ser emprestado Biblioteca de origem Biblioteca atual Localização na estante Enumeração do periódico / cronologia Total de empréstimos Data de último acesso Número do exemplar Tipo de material Koha Fonte de aquisição
  Classificação AGRIS   Consulta local Biblioteca Nacional de Agricultura - Binagri Biblioteca Nacional de Agricultura - Binagri   (Jul 2011), v. 41(7) p. 1255-1261   29/11/2023 01 Periódicos Portaria Interministerial nº 164/94

BINAGRI

Telefone: (61)3218-2567/2388/3357/2097 - binagri@agro.gov.br

Ministério da Agricultura e Pecuária , Esplanada dos Ministérios, Bloco D, Anexo B, Brasília/DF, CEP: 70.043-900